|
|
|
|
| LEADER |
00000nab a2200000uu 4500 |
| 001 |
vtls011486427 |
| 003 |
SK-MaSNL |
| 005 |
20260303154447.0 |
| 008 |
230222|1992 xo |||||||||||||||||slo| |
| 015 |
|
|
|a SNBRB
|
| 035 |
|
|
|a (urnnbn)urn:nbn:sk:snk:ar-0079hy
|
| 035 |
|
|
|a (uuid)8768f58d-9d24-46bf-b45c-a9395d75ba30
|
| 035 |
|
|
|a urn:nbn:sk:snk-abdck9
|
| 040 |
|
|
|a SNKBUCL
|b slo
|c SNKBUCL
|e AACR2
|
| 041 |
0 |
|
|a slo
|
| 044 |
|
|
|a xo
|c SK
|
| 100 |
1 |
|
|a Fibingerová, V.
|4 aut
|9 559422
|
| 245 |
1 |
0 |
|a PREDBEŽNÉ VÝSLEDKY SČÍTANIA ĽUDU, DOMOV A BYTOV R. 1991 A ICH KONFRONTÁCIA S VÝSLEDKAMI SČÍTANIA ĽUDU V R. 1970 A 1980
|c V. Fibingerová
|
| 773 |
0 |
|
|t Urbanita : vedecko-technické informácie z oblasti urbanizmu a územného plánovania
|g Roč. 19, č. 72 (1992), s. 5-113
|
| 954 |
|
|
|a odborná, vedecká literatúra pôvodná (slovenská)
|2 lita
|
| 958 |
|
|
|a OND
|
| 958 |
|
|
|a EUIPO
|
| 958 |
|
|
|a article18
|
| 999 |
|
|
|c 2034422
|d 2036352
|